000 01302cam a2200397 i 4500
001 200429711
003 TR-AnTOB
005 20240719093837.0
007 ta
008 171128s2017 tu 000 0 tur d
020 _a9789757427902
_qhadrback(v.1)
020 _a9789754727919
_qhadrback(v.2)
040 _aBGZ
_beng
_erda
_cBGZ
_dTR-AnTOB
041 0 _atur
050 0 0 _aKKX2620
090 _aKKX2620
_b.B574 2017
245 0 0 _aBireysel başvuru :
_bseçme kararlar 2016 /
_cAnayasa Mahkemesi.
264 1 _aAnkara :
_bAnayasa Mahkemesi Yayınları,
_c2017.
300 _avolumes ;
_c25 cm.
336 _atext
_2rdacontent
337 _aunmediated
_2rdamedia
338 _avolume
_2rdacarrier
490 0 _aAnayasa Mahkemesi Yayınları
505 0 _aVolume1 : 2016/1 -- Volume 2 : 2016/2.
650 0 _939581
_aConstitutional law
650 0 _938306
_aConstitutions
_zTurkey
650 7 _938301
_aAnayasalar
_zTürkiye
_2etuturkob
650 0 _aConstitutional courts
_zTurkey.
_9121208
650 0 _aConstitutional law
_zTurkey
_974257
650 7 _aAnayasa hukuku
_2etuturkob
_939580
650 0 _aAnayasa hukuku
_zTürkiye
_9116005
710 1 _aTürkiye
_bAnayasa Mahkemesi
_9120065
710 1 _aTurkey.
_bAnayasa Mahkemesi
_9113632
942 _2lcc
_cBK
999 _c200429711
_d47635